000 00418nam a2200157Ia 4500
008 210716s2000 xx 000 0 und d
020 _a8176562955
041 _aeng
082 _a004.6004 LEEL
100 _aLee, Lisa.
245 _aFireworks: fast and easy web development.
_bFast and easy web development.
250 _a1
260 _aNew Delhi
_bBPB Publications
_c2000
300 _axx,456
650 _aNone
999 _c184965
_d184965